000
00262nam a22001217a 4500
008
170316b xxu||||| |||| 00| 0 eng d
041
_a
eng
080
_a
611
100
_a
7
101
_a
SHM
245
_a
ANATOMY AND PHYSIOLOGY
_c
KARLESKINT.G
942
_2
udc
_c
BK
999
_c
7947
_d
7947